KOHA-Header-6

Modern Control Systems (Record no. 375)

000 -LEADER
fixed length control field 00340nam a2200121Ia 4500
008 - FIXED-LENGTH DATA ELEMENTS--GENERAL INFORMATION
fixed length control field 190722s9999 xx 000 0 und d
020 ## - INTERNATIONAL STANDARD BOOK NUMBER
International Standard Book Number 978-93-325-1862-9
100 ## - MAIN ENTRY--PERSONAL NAME
Personal name Dorf, Bishop
245 #0 - TITLE STATEMENT
Title Modern Control Systems
260 ## - PUBLICATION, DISTRIBUTION, ETC. (IMPRINT)
Place of publication, distribution, etc New Delhi
Name of publisher, distributor, etc Pearson (Indian Ed.) Pvt. Ltd. Dorling Kindersley Pvt. Ltd.
Date of publication, distribution, etc 2014
300 ## - PHYSICAL DESCRIPTION
Extent 1043
942 ## - ADDED ENTRY ELEMENTS (KOHA)
Koha item type Books
Holdings
Withdrawn status Lost status Damaged status Not for loan Permanent Location Current Location Date acquired Total Checkouts Full call number Barcode Date last seen Date checked out Price effective from Koha item type
        MAJU MAJU 2019-07-22 1 629.83 7001 2020-01-13 2020-01-05 2019-07-22 Books

Powered by Koha